书目信息 |
| 题名: |
营销规划(第二版)
|
|
| 作者: | 史蒂文斯 著 | |
| 分册: | ||
| 出版信息: | 北京 机械工业出版社 2000.01 |
|
| 页数: | 445页 | |
| 开本: | 32开 | |
| 丛书名: | ||
| 单 册: | ||
| 中图分类: | F713.5 | |
| 科图分类: | ||
| 主题词: | 商业经济--国内 | |
| 电子资源: | ||
| ISBN: | 7-111-07646-X | |
| 000 | 00594nam0 2200193 45 | |
| 001 | 0104171061 | |
| 005 | 20010417102828.3 | |
| 010 | @a7-111-07646-X@d28.00元 | |
| 100 | @a20010417d2000 km y0chiy0120 ea | |
| 101 | 0 | @achi |
| 105 | @a z 000yy | |
| 200 | 1 | @a营销规划(第二版)@AYing Xiao Gui Hua(Di Er Ban)@f(美)史蒂文斯等著;王琦等译@F(Mei)Shi Di Wen Si Deng Zhu;Wang Qi Deng Yi |
| 210 | @a北京@c机械工业出版社@d2000.01 | |
| 215 | @a445页@d32开 | |
| 606 | 0 | @a商业经济@x国内 |
| 690 | @aF713.5@v3 | |
| 701 | 0 | @a史蒂文斯@4著 |
| 801 | @aCN@bPftUser@c20010417 | |
| 905 | @b339007@dF713.5@eSH858@f1 | |
| 营销规划(第二版)/(美)史蒂文斯等著;王琦等译.-北京:机械工业出版社,2000.01 |
| 445页;32开 |
| ISBN 7-111-07646-X:28.00元 |
| ● |
| 相关链接 |
|
|
|
正题名:营销规划(第二版)
索取号:F713.5/SH858
 
预约/预借
| 序号 | 登录号 | 条形码 | 馆藏地/架位号 | 状态 | 备注 |
| 1 | 339007 | 203390071 | 社科库409/409社科库 43排1列3层/ [索取号:F713.5/SH858] | 在馆 |